The Conspiracy of Silence / (Record no. 201395)

MARC details
000 -LEADER
fixed length control field 00543nam a22001937a 4500
005 - DATE AND TIME OF LATEST TRANSACTION
control field 20240312115146.0
010 ## - LCCN (DPL NO)
LC control number ENG-139635
020 ## - INTERNATIONAL STANDARD BOOK NUMBER
International Standard Book Number 9788121619974
Terms of availability 250.00
035 ## - SYSTEM CONTROL NUMBER
System control number EN-123167
037 ## - SOURCE OF ACQUISITION
Source of stock number/acquisition DBAD/PUB
082 ## - DEWEY DECIMAL CLASSIFICATION NUMBER
Classification number N
100 ## - MAIN ENTRY--PERSONAL NAME
Personal name Singhal, Sumeet
245 ## - TITLE STATEMENT
Title The Conspiracy of Silence /
Statement of responsibility, etc by Sumeet Singhal [and] Sanjeev Malhotra
260 ## - PUBLICATION, DISTRIBUTION, ETC. (IMPRINT)
Place of publication, distribution, etc Noida
Name of publisher, distributor, etc Main Street
Date of publication, distribution, etc 2014
270 ## - ADDRESS
Address E-14, Sector-11,
City Noida
Postal code 201301
300 ## - PHYSICAL DESCRIPTION
Extent 268p.
Dimensions 21cm(pbk)
700 ## - ADDED ENTRY--PERSONAL NAME
Personal name Malhotra,Sanjeev
9 (RLIN) 63090
942 ## - ADDED ENTRY ELEMENTS (KOHA)
Source of classification or shelving scheme Dewey Decimal Classification
Item type English Books
Call number suffix SIN
Classification part N
Holdings
Withdrawn status Lost status Not for loan Collection code Home library Current library Date acquired Source of acquisition Cost, normal purchase price Full call number Barcode Copy number Cost, replacement price Koha item type
      Fiction Central Jail Tihar Central Jail Tihar 12/03/2024 DBAD 250.00 SIN N EN-123167 1 250.00 English Books

© Delhi Public Library
Hit Counter
free hit counter